Famous People Named Jane - Statistics

General Stats
  • This quiz has been taken 62 times
  • The average score is 6 of 14
Answer Stats
Clue Famous Jane % Correct
9 to 5, exercise videos Jane Fonda
84%
Writer of Emma, Mansfield Park, Pride and Prejudice Jane Austen
74%
Lived with chimpanzees Jane Goodall
67%
Medicine Woman Jane Seymour
65%
Actress, first wife of Ronald Reagan Jane Wyman
56%
Nine Days Queen of England and Ireland in 1553 Lady Jane Grey
56%
Frontierswoman who appeared on Buffalo Bill's Wild West Show Calamity Jane
54%
3rd Rock, Kate and Allie Jane Curtin
39%
30 Rock actress, Broadway stage performer Jane Krakowski
28%
Mother of social work, co-founder of Hull House Jane Addams
25%
Reese, Malcolm, and Dewey's TV mom Jane Kaczmarek
25%
Television journalist from Dateline NBC and CBS Sunday Morning Jane Pauley
21%
Musical star of the 40s: Seven Brides for Seven Brothers, Athena, Royald Wedding Jane Powell
12%
Silent film star: The Rosary, Treat 'Em Rough, and 113 other movies Jane Novak
2%
No matching quizzes found
Score Distribution
Percent of People with Each Score
Percentile by Number Answered
Your Score History
You have not taken this quiz